1375 1959 1412 1550 1426 1147 1055 1126 1268 1166 1717 1901 1302 1544 1793 1453 1759 1266 1650 1981 1076 1252 1343 1861 1964 1890 1464 1956 1724 1073 1408 1684 1938 1337 1766 1663 1446 1975 1293 1401 1862 1938 1080 1092 1393 1319 1692 1969 1953 1215 1624 1561 1794 1860 1371 1344 1551 1559 1174 1435 1817 1368 1758 1137 1642 1429 1231 1335 1526 1111 1455 1129 1737 1637 1339 1478 1826 1665 1183 1293 1155 1091 1712 1411 1622 1134 1978 1081 1951 1626 1789 1445 1951 1197 1912 1960 1211 1453 1478 BCNSPRNW ULIB Ver.6.0+V

เปลี่ยนเป็นภาษาไทย

Change to English
 แสดงรายละเอียดบรรณานุกรม
  กลับหน้าหลัก

Brief Record : Get Marc (ISO 2709) : E-mail record : QR code < ปิดหน้าต่าง
LEADER : 00000nam 2200000uu 4500
001    13399120086
003     ULIB
008    120829s2549||||th 000 0 tha d
020    ^a9789749557099
090    ^aนว.^bส894ส 2549
100 0  ^aโสภาค สุวรรณ
245 00 ^aส้มพอหลวง 2/^cโสภาค สุวรรค
250    ^aพิมพ์ครั้งที่ 2
260    ^aกรุงเทพฯ :^bรวมสาส์น,^c2549
300    ^a532 หน้า
945    ^p0^l0^i16168
995    ^aกัณชพร
999    ^aใช้งานได้ทุกระบบ
รายการนี้ยังไม่มีแท็ก
คุณยังไม่ได้ล็อกอิน คุณสามารถมีกิจกรรมร่วมกับเว็บไซต์ได้ แต่ต้องล็อกอินก่อน ::
  ล็อกอิน

รายการสื่อสารสนเทศ

ลำดับที่ ประเภท เลขเรียก/บาร์โค้ด สถานที่ สถานะ
1. นวนิยาย
นวนิยาย
นว. ส894ส 2549  
  Barcode: 16168
ห้องสมุดวิทยาเขตสวรรค์ประชารักษ์
►นวนิยาย
บนชั้น
  ขอยืม

รายการใกล้เคียง
    ผู้แต่ง [โสภาค สุวรรณ]

BibComment


ยังไม่เคยถูกคอมเมนท์

คอมเมนท์ทรัพยากรรายการนี้
  คอมเมนท์: ส้มพอหลวง 2 โสภา..


 Copyright 2026. Bcnsprnw @Library